Statistics for Name a Valid Country #4

Click here to take the quiz!

General Stats

  • This quiz has been taken 34,108 times
  • The average score is 14 of 20

Answer Stats

Name a country ... Answer % Correct
whose name ends in GUAYParaguay | Uruguay
100%
where the temperature has never
exceeded 37° Celsius
Antigua and Barbuda | Barbados | Denmark |
Estonia | Iceland | Ireland | Maldives | Norway |
Samoa | Solomon Islands | Singapore
91%
with more annual murders than the United StatesBrazil | India | Mexico | South Africa | Nigeria | Venezuela
90%
with wild tigersBangladesh | Bhutan | China | India | Indonesia |
Laos | Malaysia | Myanmar | Nepal |
North Korea | Russia | Thailand | Vietnam
90%
with NO snakesCape Verde | Iceland | Ireland | Kiribati | Marshall Islands |
Nauru | New Zealand | Tuvalu | Vatican City
89%
that borders KenyaEthiopia | Somalia | South Sudan | Tanzania | Uganda
86%
with more cows than peopleArgentina | Australia | Brazil | Chad | Ireland | Mongolia |
Namibia | New Zealand | Paraguay | South Sudan | Uruguay
78%
whose name ends in BIAColombia | Gambia | Namibia | Saudi Arabia |
Serbia | Zambia
78%
that is one of the 10 least-guessed countries on the
Countries of the World Quiz
Comoros | Kiribati | Grenada | Marshall Islands
| Nauru | Palau | São Tomé and Príncipe |
St. Vincent and the Grenadines | Tuvalu | Vanuatu
72%
that is majority Christian and in AsiaArmenia | Cyprus | East Timor | Georgia | Philippines
71%
whose government was toppled or thrown into
civil war by the "Arab Spring"
Egypt | Libya | Syria | Tunisia | Yemen
70%
where baseball is the most popular sportCuba | Dominican Republic | Japan | Nicaragua |
Panama | Taiwan | Venezuela
69%
with more than 100,000 earthquake related deaths
in the 21st century
Indonesia | Haiti
65%
with 500,000 km2 of rainforest not counting BrazilIndonesia | Colombia | Peru | D.R. Congo
64%
with a AAA credit rating from all three major agenciesAustralia | Canada | Denmark | Germany | Luxembourg |
Netherlands | Norway | Singapore | Sweden | Switzerland
63%
that the United States took control over after the
Spanish-American war
Cuba | Philippines
55%
with glaciers and in AfricaKenya | Tanzania | Uganda
54%
where a UN Secretary-General was bornAustria | Egypt | Ghana | Myanmar | Norway | Peru |
Portugal | South Korea | Sweden
52%
that is a member of OPEC and not in Asia or AfricaEcuador | Venezuela
49%
with at least 2 million people from the
Berber ethnic group
Algeria | France | Libya | Mauritania | Morocco
47%

Score Distribution

Percentile by Number Answered

Percent of People with Each Score

Your Score History

You have not taken this quiz